Statistics for Capitals - Picture Clues

Click here to take the quiz!

General Stats

  • This quiz has been taken 19 times
  • The average score is 13 of 31

Answer Stats

Answer% Correct
Washington
93%
Paris
79%
Berlin
71%
Brussels
64%
Lima
64%
Sofia
64%
Victoria
64%
Amsterdam
50%
Athens
50%
Budapest
50%
Kingston/Kingstown
50%
Kuala Lumpur
50%
Seoul
50%
Wellington
50%
Bridgetown
43%
Dili/New Delhi
43%
Moscow
43%
Rabat
43%
Windhoek
43%
Ankara
36%
Beijing
36%
Islamabad
36%
Vienna
36%
Bern
29%
Dublin
21%
Tunis
21%
Tirana
14%
Libreville
7%
Pristina
7%
Valletta
7%
Yaounde
7%

Score Distribution

Percentile by Number Answered

Percent of People with Each Score

Your Score History

You have not taken this quiz